| 000 | 00346nam a2200109Ia 4500 | ||
|---|---|---|---|
| 008 | 200302s9999 xx 000 0 und d | ||
| 100 | _aA. J. Downing | ||
| 245 | _aThe Architecture of country houses Including designs for cottages and farm-houses and villas | ||
| 260 | _bDover Publication Inc mineola /New Yark | ||
| 260 | _c1969 | ||
| 300 | _a483 P., | ||
| 999 |
_c4153 _d4153 |
||